00706nam a2200193Ia 4500003000900000008004100009020001800050040001600068080002300084245010600107260003900213300001500252650003400267650002500301700003300326942000700359999001500366952013100381IN-BaIIA211028s9999 xx 000 0 eng d a0-306-10999-9 cIIA Library a047.1:533.9bREV-9 0aReviews of plasma physicsbvol. 9cedited by M.A. Leontovich  aNew YorkbConsultants Bureauc1986 axii, 339p. aAstrophysics Thessarus915484 aPlasma physics93732 aLeontovich,M.A., ed.,911871 cBK c9216d9216 00104070aBANbBANcGENd0000-00-00g1142.58l0o047.1:533.9/ REV-9p10122r2021-11-05v1142.58w0000-00-00yBKGRs. 1142.58